000 00323nam a22001337a 4500
003 OSt
005 20231127212917.0
008 231127b |||||||| |||| 00| 0 eng d
040 _cCO-JMCR
082 _aN /
_bLOPb
100 _aLópez Narváez, Concha,
_eautor
_942666
245 _aBeltrán en el bosque /
942 _2ddc
_cBK
999 _c30376
_d16760